[Event "Montreal WCT"]
[Site "Montreal CAN"]
[Date "2005.01.19"]
[Round "6"]
[White "Hauchard, Arnaud"]
[Black "Hebert, Jean"]
[Result "1-0"]
[WhiteElo "2487"]
[BlackElo "2410"]
[PlyCount "57"]
[GameId "2160767911031561"]
[EventDate "2005.01.15"]
[EventType "tourn"]
[EventRounds "9"]
[EventCountry "CAN"]
[EventCategory "10"]
[SourceTitle "CBM 105"]
[Source "ChessBase"]
[SourceDate "2005.04.11"]
[SourceVersion "1"]
[SourceVersionDate "2005.04.11"]
[SourceQuality "1"]

1. e4 g6 2. d4 d6 3. c4 Bg7 4. Nc3 e5 5. Be3 Nc6 6. Nge2 exd4 7. Nxd4 Nge7 8. h4 h5 9. Qd2 O-O 10. O-O-O Ne5 11. Be2 a6 12. Bh6 Kh7 13. Bxg7 Kxg7 14. f4 Ng4 15. f5 c5 16. Bxg4 hxg4 17. h5 gxf5 18. exf5 Nxf5 19. Nxf5+ Bxf5 20. Qf4 Be6 21. h6+ Kg6 22. Ne4 f6 23. h7 Kg7 24. h8=Q+ Rxh8 25. Rxh8 Kxh8 26. Qh6+ Kg8 27. Qg6+ Kf8 28. Rh1 Bf7 29. Rh8+ 1-0

[Event "Montreal WCT"]
[Site "Montreal CAN"]
[Date "2005.01.20"]
[Round "8"]
[White "Antonio, Rogelio"]
[Black "Hebert, Jean"]
[Result "1/2-1/2"]
[WhiteElo "2539"]
[BlackElo "2410"]
[PlyCount "129"]
[GameId "2160767911031570"]
[EventDate "2005.01.15"]
[EventType "tourn"]
[EventRounds "9"]
[EventCountry "CAN"]
[EventCategory "10"]
[SourceTitle "CBM 105"]
[Source "ChessBase"]
[SourceDate "2005.04.11"]
[SourceVersion "1"]
[SourceVersionDate "2005.04.11"]
[SourceQuality "1"]

1. e4 g6 2. d4 d6 3. Nc3 c6 4. Be3 Bg7 5. Qd2 b5 6. f3 Qa5 7. Bd3 Nd7 8. Nge2 Rb8 9. O-O Ngf6 10. b4 Qc7 11. a4 a6 12. Bh6 O-O 13. Bxg7 Kxg7 14. axb5 cxb5 15. Nd1 e5 16. c3 Nb6 17. Ne3 Nh5 18. f4 exf4 19. Nxf4 Nf6 20. Ne2 Ng8 21. h4 Qe7 22. h5 Nh6 23. Nf4 Bb7 24. Ned5 Nxd5 25. Nxd5 Bxd5 26. exd5 Qb7 27. Qg5 f5 28. hxg6 hxg6 29. g4 Qxd5 30. gxf5 Rf6 31. Rae1 Rbf8 32. Re7+ R8f7 33. Rxf7+ Nxf7 34. Qg3 g5 35. Re1 Rh6 36. Qg2 Qxg2+ 37. Kxg2 d5 38. Bb1 Rc6 39. Ba2 Rxc3 40. Bxd5 Nh6 41. Re7+ Kf8 42. Re6 Ng4 43. Bf3 Ne3+ 44. Kf2 Nc2 45. Bh5 Nxd4 46. Rd6 Rc2+ 47. Ke1 Rh2 48. Bg6 Nf3+ 49. Kd1 Ne5 50. Re6 Nxg6 51. Rxg6 Rb2 52. Rxa6 Rxb4 53. Rg6 g4 54. Ke2 Kf7 55. Rb6 Rb2+ 56. Kf1 g3 57. Kg1 b4 58. Rg6 Rb3 59. Rb6 Rb2 60. Rg6 b3 61. Rxg3 Kf6 62. Rf3 Rb1+ 63. Kg2 b2 64. Rb3 Kxf5 65. Rb8 1/2-1/2

[Event "Montreal WCT"]
[Site "Montreal CAN"]
[Date "2005.01.21"]
[Round "9"]
[White "Hebert, Jean"]
[Black "Nataf, Igor A"]
[Result "0-1"]
[WhiteElo "2410"]
[BlackElo "2557"]
[PlyCount "42"]
[GameId "2160767911031575"]
[EventDate "2005.01.15"]
[EventType "tourn"]
[EventRounds "9"]
[EventCountry "CAN"]
[EventCategory "10"]
[SourceTitle "CBM 105"]
[Source "ChessBase"]
[SourceDate "2005.04.11"]
[SourceVersion "1"]
[SourceVersionDate "2005.04.11"]
[SourceQuality "1"]

1. d4 Nf6 2. c4 g6 3. Nc3 Bg7 4. Bg5 h6 5. Bh4 c5 6. e3 cxd4 7. exd4 O-O 8. Nf3 d6 9. Be2 Nh5 10. O-O f5 11. Nd5 g5 12. Bxg5 hxg5 13. Nxg5 e6 14. Nxe6 Bxe6 15. Bxh5 Nc6 16. Re1 Nxd4 17. Nf4 Bxc4 18. Re3 Qg5 19. Ng6 Rfe8 20. Qc1 Rxe3 21. fxe3 Be2 0-1

[Event "Pere Noel"]
[Site "Montreal CAN"]
[Date "2004.12.26"]
[Round "1"]
[White "Hebert, Jean"]
[Black "Pepin, Christian"]
[Result "1/2-1/2"]
[WhiteElo "2427"]
[BlackElo "2080"]
[PlyCount "82"]
[GameId "2160767911031804"]
[EventDate "2004.12.26"]
[EventType "swiss"]
[EventRounds "5"]
[EventCountry "CAN"]
[SourceTitle "EXT 2006"]
[Source "ChessBase"]
[SourceDate "2005.11.24"]
[SourceVersion "1"]
[SourceVersionDate "2005.11.24"]
[SourceQuality "1"]

1. e4 c6 2. d4 d5 3. exd5 cxd5 4. c4 Nf6 5. Nc3 g6 6. cxd5 Bg7 7. Bb5+ Nbd7 8. Nf3 O-O 9. d6 exd6 10. O-O a6 11. Bc4 b5 12. Bb3 Bb7 13. Bg5 Nb6 14. Re1 h6 15. Bh4 b4 16. Na4 g5 17. Bg3 Nxa4 18. Bxa4 Ne4 19. Qd3 f5 20. Rac1 Rc8 21. Rxc8 Qxc8 22. h4 f4 23. Rxe4 fxg3 24. fxg3 Bxe4 25. Qxe4 Qf5 26. Bb3+ Kh8 27. Qxf5 Rxf5 28. hxg5 hxg5 29. Be6 Rb5 30. Kf2 a5 31. Ke3 Rb7 32. Kd3 Bf6 33. g4 Rc7 34. Bc4 Rh7 35. Kc2 Rh4 36. Nxh4 gxh4 37. Kd3 Kg7 38. b3 Kh6 39. Ke4 Kg5 40. Be6 Bd8 41. Kd5 Bf6 1/2-1/2

[Event "Pere Noel"]
[Site "Montreal CAN"]
[Date "2004.12.27"]
[Round "2"]
[White "Poirier, Erik"]
[Black "Hebert, Jean"]
[Result "1-0"]
[WhiteElo "2063"]
[BlackElo "2427"]
[PlyCount "57"]
[GameId "2160767911031822"]
[EventDate "2004.12.26"]
[EventType "swiss"]
[EventRounds "5"]
[EventCountry "CAN"]
[SourceTitle "EXT 2006"]
[Source "ChessBase"]
[SourceDate "2005.11.24"]
[SourceVersion "1"]
[SourceVersionDate "2005.11.24"]
[SourceQuality "1"]

1. d4 g6 2. c4 Bg7 3. Nc3 c5 4. d5 Bxc3+ 5. bxc3 f5 6. g3 Qa5 7. Qc2 Nf6 8. Bg2 d6 9. Nf3 Nbd7 10. O-O Nb6 11. Nd2 Na4 12. Bb2 O-O 13. Rae1 e5 14. e4 f4 15. gxf4 Nh5 16. fxe5 dxe5 17. Bc1 Bd7 18. Nb3 Qa6 19. f4 Qd6 20. fxe5 Qxe5 21. Nd2 Rxf1+ 22. Rxf1 Re8 23. Nf3 Qxe4 24. Qxe4 Rxe4 25. Ng5 Rxc4 26. Ne6 Bxe6 27. dxe6 Nxc3 28. e7 Ne2+ 29. Kf2 1-0

[Event "Pere Noel"]
[Site "Montreal CAN"]
[Date "2004.12.28"]
[Round "3"]
[White "Hebert, Jean"]
[Black "Ramaswamy, Kishor"]
[Result "1-0"]
[WhiteElo "2428"]
[BlackElo "2070"]
[PlyCount "43"]
[GameId "2160767911031830"]
[EventDate "2004.12.26"]
[EventType "swiss"]
[EventRounds "5"]
[EventCountry "CAN"]

1. d4 d5 2. c4 e6 3. Nf3 Nf6 4. Bg5 Nbd7 5. Nc3 c6 6. e3 Qa5 7. Nd2 dxc4 8. Bxf6 Nxf6 9. Nxc4 Qc7 10. Rc1 Be7 11. Be2 O-O 12. Bf3 Rd8 13. O-O c5 14. Qb3 cxd4 15. exd4 Bd7 16. Rfd1 Rac8 17. Ne5 b6 18. Nd5 Qxc1 19. Nxe7+ Kf8 20. N7c6 Qg5 21. Qa3+ Kg8 22. Ne7+ 1-0

[Event "Quebec op"]
[Site "Montreal CAN"]
[Date "2004.07.17"]
[Round "1"]
[White "Hebert, Jean"]
[Black "Luksza, Arkadiusz"]
[Result "1-0"]
[WhiteElo "2412"]
[BlackElo "2104"]
[PlyCount "111"]
[GameId "2160767911094976"]
[EventDate "2004.07.17"]
[EventType "swiss"]
[EventRounds "9"]
[EventCountry "CAN"]
[SourceTitle "CBM 101 Extra"]
[Source "ChessBase"]
[SourceDate "2004.09.01"]
[SourceVersion "2"]
[SourceVersionDate "2004.09.01"]
[SourceQuality "1"]

1. d4 Nf6 2. c4 e6 3. Nf3 b6 4. a3 Bb7 5. Nc3 Be7 6. d5 d6 7. e4 e5 8. Be2 Nbd7 9. O-O O-O 10. Ne1 Nc5 11. Qc2 a5 12. Be3 Qc8 13. Rb1 Ng4 14. Bxg4 Qxg4 15. b4 axb4 16. axb4 Nd7 17. f3 Qg6 18. Nd3 c6 19. dxc6 Bxc6 20. b5 Bb7 21. Nb4 Rfc8 22. Ncd5 Bd8 23. Ra1 Bxd5 24. Nxd5 Qe6 25. Ra6 Rab8 26. Rd1 h5 27. Rc1 Nc5 28. Ra7 h4 29. h3 Nd7 30. Nb4 Ra8 31. Qa2 Rxa7 32. Qxa7 Nc5 33. Nc6 Nd3 34. Rc2 Nf4 35. Qb7 Kh7 36. Rd2 Bg5 37. Kh2 Nxh3 38. Bxg5 Nxg5 39. Rxd6 Qxd6 40. Qxc8 Qf6 41. Qg4 h3 42. Qg3 hxg2 43. Kxg2 Ne6 44. Qxe5 Qh4 45. Qh2 Nf4+ 46. Kh1 Nh3 47. Ne7 g6 48. Nd5 Kh6 49. Kg2 Qf2+ 50. Kxh3 Qxf3+ 51. Qg3 Qh1+ 52. Kg4 Qd1+ 53. Kf4 Qf1+ 54. Ke5 Qxc4 55. Qe3+ Kg7 56. Qxb6 1-0

[Event "Quebec op"]
[Site "Montreal CAN"]
[Date "2004.07.18"]
[Round "2"]
[White "McDonough, Jonathan"]
[Black "Hebert, Jean"]
[Result "1-0"]
[WhiteElo "2184"]
[BlackElo "2412"]
[PlyCount "63"]
[GameId "2160767911095002"]
[EventDate "2004.07.17"]
[EventType "swiss"]
[EventRounds "9"]
[EventCountry "CAN"]
[SourceTitle "CBM 101 Extra"]
[Source "ChessBase"]
[SourceDate "2004.09.01"]
[SourceVersion "2"]
[SourceVersionDate "2004.09.01"]
[SourceQuality "1"]

1. d4 Nf6 2. c4 e6 3. Nc3 Bb4 4. e3 c5 5. Nge2 cxd4 6. exd4 O-O 7. a3 Be7 8. g3 d5 9. c5 b6 10. b4 bxc5 11. dxc5 Ba6 12. Bg2 Bc4 13. O-O Nc6 14. Re1 a5 15. Rb1 axb4 16. axb4 Rb8 17. Nd4 Nxd4 18. Qxd4 Nd7 19. Bf4 Bf6 20. Qd2 e5 21. Bxd5 Bxd5 22. Nxd5 exf4 23. Qxf4 Re8 24. Rxe8+ Qxe8 25. c6 Ne5 26. c7 Rc8 27. b5 Nd7 28. Nxf6+ gxf6 29. b6 Nc5 30. b7 Nxb7 31. Rxb7 Qd7 32. Rb8 1-0

[Event "Quebec op"]
[Site "Montreal CAN"]
[Date "2004.07.18"]
[Round "3"]
[White "Leriche, Felix"]
[Black "Hebert, Jean"]
[Result "0-1"]
[WhiteElo "2111"]
[BlackElo "2415"]
[PlyCount "64"]
[GameId "2160767911095023"]
[EventDate "2004.07.17"]
[EventType "swiss"]
[EventRounds "9"]
[EventCountry "CAN"]

1. d4 g6 2. e4 d6 3. f4 d5 4. e5 h5 5. c4 c6 6. Nc3 Nh6 7. Qb3 dxc4 8. Bxc4 Qxd4 9. e6 fxe6 10. Bxe6 Na6 11. Bxc8 Nc5 12. Qc2 Rxc8 13. Qxg6+ Nf7 14. Nf3 Nd3+ 15. Ke2 Nxf4+ 16. Bxf4 Qxf4 17. Rhe1 Qg4 18. Qxg4 hxg4 19. Nd4 e5 20. Nf5 Kd7 21. Kf2 Ke6 22. Nd4+ Kf6 23. Ne4+ Kg6 24. Nc2 Rxh2 25. Kg3 Rh7 26. Ne3 Be7 27. Rh1 Rxh1 28. Rxh1 Rd8 29. Kxg4 Rd4 30. Kf3 Ng5+ 31. Nxg5 Bxg5 32. Rh8 Rd3 0-1

[Event "Quebec op"]
[Site "Montreal CAN"]
[Date "2004.07.20"]
[Round "4"]
[White "Hebert, Jean"]
[Black "Laurain, Guy"]
[Result "1-0"]
[WhiteElo "2412"]
[BlackElo "2200"]
[PlyCount "75"]
[GameId "2160767911095061"]
[EventDate "2004.07.17"]
[EventType "swiss"]
[EventRounds "9"]
[EventCountry "CAN"]
[SourceTitle "CBM 101 Extra"]
[Source "ChessBase"]
[SourceDate "2004.09.01"]
[SourceVersion "2"]
[SourceVersionDate "2004.09.01"]
[SourceQuality "1"]

1. Nf3 Nf6 2. c4 d6 3. d4 g6 4. Nc3 Bg7 5. Bg5 O-O 6. e3 c6 7. Be2 Nbd7 8. Qc2 a6 9. a4 Qa5 10. O-O e5 11. b4 Qc7 12. a5 Re8 13. Rfd1 h6 14. Bh4 Nf8 15. dxe5 dxe5 16. Nd2 Bf5 17. Qb2 g5 18. Bg3 Bg6 19. c5 Bh5 20. Nc4 Bxe2 21. Qxe2 Ng6 22. Nd6 Re6 23. Qc4 Ne7 24. e4 Ng6 25. Nf5 Bf8 26. Rd3 Nf4 27. Bxf4 exf4 28. Rad1 Rae8 29. f3 Qe5 30. Qd4 Qc7 31. h3 Kh7 32. Nd6 R8e7 33. Na4 Bg7 34. Nf5 Rd7 35. Qc4 Rxd3 36. Qxd3 Qe5 37. Nd6 Re7 38. Nc4 1-0

[Event "Quebec op"]
[Site "Montreal CAN"]
[Date "2004.07.21"]
[Round "5"]
[White "Rosen, Matthew"]
[Black "Hebert, Jean"]
[Result "0-1"]
[WhiteElo "2201"]
[BlackElo "2412"]
[PlyCount "56"]
[GameId "2160767911095087"]
[EventDate "2004.07.17"]
[EventType "swiss"]
[EventRounds "9"]
[EventCountry "CAN"]
[SourceTitle "CBM 101 Extra"]
[Source "ChessBase"]
[SourceDate "2004.09.01"]
[SourceVersion "2"]
[SourceVersionDate "2004.09.01"]
[SourceQuality "1"]

1. Nf3 Nf6 2. g3 d5 3. d4 c5 4. c3 e6 5. Bg2 Nc6 6. O-O Be7 7. Bg5 cxd4 8. cxd4 Qb6 9. b3 h6 10. Bc1 Ne4 11. Bb2 O-O 12. Nbd2 f5 13. Ne1 Bd7 14. Nd3 Rac8 15. g4 Bd6 16. gxf5 exf5 17. Nf3 Be6 18. e3 f4 19. exf4 Bxf4 20. Ba3 Rf6 21. Qe2 Bg4 22. Nxf4 Rxf4 23. Qe3 Rxf3 24. Bxf3 Bxf3 25. Qxf3 Nxd4 26. Qh3 Rc2 27. Rac1 Ne2+ 28. Kh1 Nxc1 0-1

[Event "Quebec op"]
[Site "Montreal CAN"]
[Date "2004.07.22"]
[Round "6"]
[White "Hebert, Jean"]
[Black "Kortschnoj, Viktor Lvovich"]
[Result "0-1"]
[WhiteElo "2412"]
[BlackElo "2568"]
[PlyCount "62"]
[GameId "2160767911095109"]
[EventDate "2004.07.17"]
[EventType "swiss"]
[EventRounds "9"]
[EventCountry "CAN"]
[SourceTitle "CBM 101 Extra"]
[Source "ChessBase"]
[SourceDate "2004.09.01"]
[SourceVersion "2"]
[SourceVersionDate "2004.09.01"]
[SourceQuality "1"]

1. Nf3 Nf6 2. c4 b6 3. d4 e6 4. e3 Bb4+ 5. Bd2 Be7 6. Nc3 Bb7 7. Bd3 d5 8. cxd5 exd5 9. Qa4+ c6 10. Ne5 O-O 11. b4 Bd6 12. f4 b5 13. Qb3 a5 14. bxa5 b4 15. Ne2 Na6 16. Rc1 c5 17. Bxa6 Bxa6 18. Nc6 Qd7 19. dxc5 Bxe2 20. Kxe2 Bxf4 21. Qxb4 Qxc6 22. Qxf4 d4 23. exd4 Qxg2+ 24. Kd3 Qg6+ 25. Kc4 Ne4 26. Bb4 Qa6+ 27. Kb3 Qd3+ 28. Kb2 Rfb8 29. Rhd1 Rxb4+ 30. Ka1 Qe2 31. Rb1 Nc3 0-1

[Event "Quebec op"]
[Site "Montreal CAN"]
[Date "2004.07.24"]
[Round "8"]
[White "Hebert, Jean"]
[Black "Barbeau, Sylvain"]
[Result "1-0"]
[WhiteElo "2412"]
[BlackElo "2404"]
[PlyCount "71"]
[GameId "2160767911095150"]
[EventDate "2004.07.17"]
[EventType "swiss"]
[EventRounds "9"]
[EventCountry "CAN"]
[SourceTitle "CBM 101 Extra"]
[Source "ChessBase"]
[SourceDate "2004.09.01"]
[SourceVersion "2"]
[SourceVersionDate "2004.09.01"]
[SourceQuality "1"]

1. Nf3 Nf6 2. c4 c5 3. Nc3 g6 4. e4 d6 5. d4 cxd4 6. Nxd4 Bg7 7. Be2 O-O 8. Be3 Nc6 9. f3 Bd7 10. Qd2 Nxd4 11. Bxd4 Bc6 12. b4 a5 13. b5 Be8 14. Rd1 Nd7 15. Be3 b6 16. Na4 Rc8 17. O-O f5 18. exf5 gxf5 19. Rc1 Kh8 20. Rfe1 Nc5 21. Nc3 Bf7 22. Bf1 Rg8 23. Kh1 Be5 24. Rcd1 Rc7 25. Bxc5 Rxc5 26. Na4 Bf6 27. Nxc5 bxc5 28. Qf4 Rg5 29. g3 Rh5 30. Qe3 Qb6 31. f4 Rh6 32. Qd3 Qb7+ 33. Bg2 Qb6 34. Bd5 Bh5 35. Qxf5 Qb8 36. b6 1-0

[Event "Quebec-ch"]
[Site "Montreal CAN"]
[Date "2004.06.25"]
[Round "1"]
[White "Hebert, Jean"]
[Black "Feoktistov, Dmitri"]
[Result "1-0"]
[WhiteElo "2431"]
[BlackElo "2272"]
[PlyCount "59"]
[GameId "2160767911096143"]
[EventDate "2004.06.25"]
[EventType "tourn"]
[EventRounds "9"]
[EventCountry "CAN"]
[SourceTitle "EXT 2006"]
[Source "ChessBase"]
[SourceDate "2005.11.24"]
[SourceVersion "1"]
[SourceVersionDate "2005.11.24"]
[SourceQuality "1"]

1. e4 c6 2. c4 d5 3. exd5 cxd5 4. cxd5 Nf6 5. Nc3 Nxd5 6. Nf3 Nc6 7. d4 e6 8. a3 Be7 9. Bd3 O-O 10. O-O a6 11. Re1 Nxc3 12. bxc3 b5 13. a4 b4 14. c4 Bf6 15. Be3 Bb7 16. Qc2 g6 17. Rad1 Qa5 18. Be4 Rac8 19. d5 exd5 20. Bxd5 Qc7 21. Ng5 Na5 22. Ne4 Bg7 23. Bxb7 Nxb7 24. c5 Qc6 25. f3 Rfd8 26. Rxd8+ Rxd8 27. Qc4 Qxa4 28. c6 Na5 29. c7 Rf8 30. Qxa6 1-0

[Event "Quebec-ch"]
[Site "Montreal CAN"]
[Date "2004.06.26"]
[Round "2"]
[White "Bolduc, Steve"]
[Black "Hebert, Jean"]
[Result "1/2-1/2"]
[WhiteElo "2121"]
[BlackElo "2431"]
[PlyCount "99"]
[GameId "2160767911096148"]
[EventDate "2004.06.25"]
[EventType "tourn"]
[EventRounds "9"]
[EventCountry "CAN"]
[SourceTitle "EXT 2006"]
[Source "ChessBase"]
[SourceDate "2005.11.24"]
[SourceVersion "1"]
[SourceVersionDate "2005.11.24"]
[SourceQuality "1"]

1. d4 Nf6 2. c4 e6 3. Nc3 Bb4 4. e3 c5 5. Bd3 d5 6. Nf3 cxd4 7. exd4 dxc4 8. Bxc4 O-O 9. O-O b6 10. Bd3 Bb7 11. Re1 Nbd7 12. Bc2 Bxc3 13. bxc3 Qc7 14. Qd3 Rac8 15. Bd2 Rfd8 16. Ng5 Nf8 17. Qh3 h6 18. Nf3 Bxf3 19. Qxf3 Nd5 20. Rac1 b5 21. Re5 f6 22. Rh5 Qf7 23. g4 Rc4 24. Bb3 Qg6 25. Bxc4 bxc4 26. Kh1 Rb8 27. Rxd5 exd5 28. Qxd5+ Kh7 29. Qf5 Rb2 30. Be3 Rxa2 31. Kg2 Qxf5 32. gxf5 Ra5 33. Kf3 Rxf5+ 34. Ke4 Ra5 35. d5 Nd7 36. Rb1 f5+ 37. Kxf5 Nf6 38. Rb7 Nxd5 39. Bd4 Ne7+ 40. Ke4 Nf5 41. Rxa7 Nd6+ 42. Kf4 Rg5 43. h4 Rg2 44. Kf3 Rg1 45. Rc7 h5 46. Rc6 Nf5 47. Rxc4 Rg4 48. Rc5 Nxd4+ 49. cxd4 Rxd4 50. Rxh5+ 1/2-1/2

[Event "Quebec-ch"]
[Site "Montreal CAN"]
[Date "2004.06.27"]
[Round "3"]
[White "Hebert, Jean"]
[Black "Berube, Richard"]
[Result "1-0"]
[WhiteElo "2431"]
[BlackElo "2331"]
[PlyCount "61"]
[GameId "2160767911096154"]
[EventDate "2004.06.25"]
[EventType "tourn"]
[EventRounds "9"]
[EventCountry "CAN"]
[SourceTitle "EXT 2006"]
[Source "ChessBase"]
[SourceDate "2005.11.24"]
[SourceVersion "1"]
[SourceVersionDate "2005.11.24"]
[SourceQuality "1"]

1. c4 Nf6 2. Nf3 e6 3. d4 b6 4. a3 c5 5. e3 Bb7 6. Nc3 cxd4 7. exd4 Be7 8. d5 exd5 9. cxd5 d6 10. Bc4 O-O 11. O-O Nbd7 12. Re1 a6 13. Nd4 b5 14. Ba2 Re8 15. Bf4 Nb6 16. Nf5 Qd7 17. Nxe7+ Rxe7 18. Qd4 Rae8 19. Re3 Rxe3 20. Bxe3 Na4 21. Nxa4 bxa4 22. Rd1 Rc8 23. Bg5 Ne8 24. Bb1 f6 25. Bd2 g6 26. Bc3 Kg7 27. Bc2 Rc5 28. Bxa4 Qf5 29. Qe3 Rxd5 30. Qe7+ Kh6 31. Qxb7 1-0

[Event "Quebec-ch"]
[Site "Montreal CAN"]
[Date "2004.06.28"]
[Round "4"]
[White "Voskanyan, Vahagn"]
[Black "Hebert, Jean"]
[Result "1-0"]
[WhiteElo "2300"]
[BlackElo "2431"]
[PlyCount "103"]
[GameId "2160767911096162"]
[EventDate "2004.06.25"]
[EventType "tourn"]
[EventRounds "9"]
[EventCountry "CAN"]
[SourceTitle "EXT 2006"]
[Source "ChessBase"]
[SourceDate "2005.11.24"]
[SourceVersion "1"]
[SourceVersionDate "2005.11.24"]
[SourceQuality "1"]

1. e4 g6 2. d4 d6 3. Nc3 c6 4. Nf3 Bg7 5. Be2 b5 6. a3 Bb7 7. O-O Nd7 8. Re1 a6 9. Bf1 e5 10. Be3 Qc7 11. Qd2 Ngf6 12. dxe5 dxe5 13. Rad1 O-O 14. Qd6 Rac8 15. Bg5 Rfe8 16. Qd2 Nc5 17. h3 Ne6 18. Bh6 Rcd8 19. Qc1 Nd4 20. Nxd4 exd4 21. e5 Nh5 22. Bxg7 Nxg7 23. Ne4 Qxe5 24. b4 Ne6 25. Qh6 Kh8 26. Qh4 g5 27. Qh5 Qg7 28. Qg4 Rf8 29. Ng3 Bc8 30. Qf3 Rd5 31. Nf5 Qf6 32. Nxd4 Qxf3 33. Nxf3 f6 34. c4 Rxd1 35. Rxd1 Rd8 36. Rxd8+ Nxd8 37. Nd4 Bd7 38. Bd3 Ne6 39. Nxe6 Bxe6 40. c5 Kg7 41. Be4 Bd7 42. g4 f5 43. gxf5 Kf6 44. Kg2 Ke5 45. f3 h6 46. Kg3 Be8 47. Kg4 Kf6 48. f4 gxf4 49. Kxf4 Bd7 50. h4 Be8 51. Bf3 Bd7 52. Bh5 1-0

[Event "Quebec-ch"]
[Site "Montreal CAN"]
[Date "2004.06.30"]
[Round "6"]
[White "Lawson, Eric"]
[Black "Hebert, Jean"]
[Result "1/2-1/2"]
[WhiteElo "2359"]
[BlackElo "2431"]
[PlyCount "144"]
[GameId "2160767911096169"]
[EventDate "2004.06.25"]
[EventType "tourn"]
[EventRounds "9"]
[EventCountry "CAN"]
[SourceTitle "EXT 2006"]
[Source "ChessBase"]
[SourceDate "2005.11.24"]
[SourceVersion "1"]
[SourceVersionDate "2005.11.24"]
[SourceQuality "1"]

1. e4 c5 2. Nf3 e6 3. d4 cxd4 4. Nxd4 Nc6 5. c4 Nf6 6. Nc3 Bb4 7. Nxc6 bxc6 8. Bd3 e5 9. O-O Bc5 10. Kh1 d6 11. Qe2 Ng4 12. g3 h5 13. h4 Qd7 14. f3 Ne3 15. Bxe3 Bxe3 16. Qxe3 Qh3+ 17. Kg1 Qxg3+ 18. Kh1 Qxh4+ 19. Kg1 Qg3+ 20. Kh1 Qh3+ 21. Kg1 Qg3+ 22. Kh1 Qh3+ 23. Kg1 Rh6 24. Kf2 Qh2+ 25. Ke1 Qxb2 26. Rc1 h4 27. Rc2 Qb7 28. Qg5 f6 29. Qg2 Rb8 30. c5 dxc5 31. f4 exf4 32. Rxf4 Qe7 33. e5 g5 34. Rff2 fxe5 35. Bc4 g4 36. Qf1 Be6 37. Bxe6 Rxe6 38. Rf5 Rb4 39. Qa6 Qb7 40. Qxb7 Rxb7 41. Rh5 Rb4 42. Rxh4 Kd8 43. Rd2+ Rd4 44. Rxg4 Rh6 45. Rdg2 Rh1+ 46. Rg1 Rh2 47. Ne2 Rb4 48. Rxb4 cxb4 49. Rg7 Rh3 50. Rxa7 b3 51. axb3 Rxb3 52. Kd2 Rh3 53. Nc1 e4 54. Ra4 e3+ 55. Kd3 Kc7 56. Ne2 Kb6 57. Re4 Kc5 58. Rc4+ Kd5 59. Rg4 Kc5 60. Ng3 Rh8 61. Ne4+ Kb6 62. Kxe3 Rd8 63. Rg5 Rd5 64. Rg6 Rd8 65. Nd6 Rh8 66. Kd3 Rh4 67. Rg5 Rh3+ 68. Kc4 Rh4+ 69. Kc3 Rh3+ 70. Kb4 c5+ 71. Rxc5 Rb3+ 72. Kxb3 Kxc5 1/2-1/2

[Event "Quebec-ch"]
[Site "Montreal CAN"]
[Date "2004.07.02"]
[Round "7"]
[White "Hebert, Jean"]
[Black "Khassanov, Marat"]
[Result "1/2-1/2"]
[WhiteElo "2431"]
[BlackElo "2350"]
[PlyCount "70"]
[GameId "2160767911096177"]
[EventDate "2004.06.25"]
[EventType "tourn"]
[EventRounds "9"]
[EventCountry "CAN"]
[SourceTitle "EXT 2006"]
[Source "ChessBase"]
[SourceDate "2005.11.24"]
[SourceVersion "1"]
[SourceVersionDate "2005.11.24"]
[SourceQuality "1"]

1. d4 d5 2. c4 c6 3. Nf3 Nf6 4. Nc3 dxc4 5. a4 e5 6. Nxe5 Be6 7. e3 Bb4 8. Bxc4 Bxc4 9. Nxc4 Qd5 10. Qb3 Qxg2 11. Qxb4 Qxh1+ 12. Ke2 c5 13. Qxc5 Qc6 14. Nd6+ Kd7 15. Nxf7 Qxc5 16. dxc5 Rf8 17. Ne5+ Ke6 18. Nd3 Nc6 19. b4 Rad8 20. Bb2 Rf7 21. Nb5 Ne8 22. Nd4+ Nxd4+ 23. Bxd4 g5 24. b5 Nc7 25. Rc1 Kf5 26. Rc4 Re7 27. Bc3 Re4 28. Rxe4 Kxe4 29. b6 axb6 30. cxb6 Ne6 31. f3+ Kd5 32. Bd2 Kc4 33. Ne5+ Kd5 34. Nd3 Kc4 35. Ne5+ Kd5 1/2-1/2

[Event "Quebec-ch"]
[Site "Montreal CAN"]
[Date "2004.07.03"]
[Round "8"]
[White "Bachand-Fleurent, Julien"]
[Black "Hebert, Jean"]
[Result "1-0"]
[WhiteElo "2127"]
[BlackElo "2431"]
[PlyCount "63"]
[GameId "2160767911096178"]
[EventDate "2004.06.25"]
[EventType "tourn"]
[EventRounds "9"]
[EventCountry "CAN"]
[SourceTitle "EXT 2006"]
[Source "ChessBase"]
[SourceDate "2005.11.24"]
[SourceVersion "1"]
[SourceVersionDate "2005.11.24"]
[SourceQuality "1"]

1. e4 c5 2. Nc3 Nc6 3. g3 g6 4. Bg2 Bg7 5. d3 d6 6. Be3 e5 7. Qd2 Nge7 8. Bh6 O-O 9. h4 f6 10. Nf3 Nd4 11. Bxg7 Kxg7 12. O-O Qa5 13. Ne1 Be6 14. Nb1 Qb6 15. c3 Ndc6 16. b3 d5 17. Nc2 Rad8 18. Qe2 Qa6 19. Re1 d4 20. c4 b5 21. Nba3 bxc4 22. bxc4 Rb8 23. Reb1 Qa5 24. Qe1 Qc3 25. Bf1 f5 26. Qxc3 dxc3 27. Nb5 Nd4 28. Nca3 fxe4 29. dxe4 Rf3 30. Nxd4 Rxb1 31. Nxe6+ Kf6 32. Rxb1 1-0

[Event "Quebec-ch"]
[Site "Montreal CAN"]
[Date "2004.07.04"]
[Round "9"]
[White "Hebert, Jean"]
[Black "Tessier, Olivier"]
[Result "1-0"]
[WhiteElo "2431"]
[BlackElo "2214"]
[PlyCount "109"]
[GameId "2160767911096186"]
[EventDate "2004.06.25"]
[EventType "tourn"]
[EventRounds "9"]
[EventCountry "CAN"]
[SourceTitle "EXT 2006"]
[Source "ChessBase"]
[SourceDate "2005.11.24"]
[SourceVersion "1"]
[SourceVersionDate "2005.11.24"]
[SourceQuality "1"]

1. Nf3 Nf6 2. c4 c5 3. Nc3 Nc6 4. g3 g6 5. Bg2 Bg7 6. d4 cxd4 7. Nxd4 Nxd4 8. Qxd4 d6 9. Bg5 O-O 10. Qd2 Rb8 11. O-O Re8 12. Rfd1 Qa5 13. Bxf6 exf6 14. Nb5 Qb6 15. Nxd6 Rd8 16. b4 Be6 17. c5 Qc7 18. Qc2 a5 19. a3 b6 20. Nb5 Qe5 21. Na7 Bf5 22. e4 Bd7 23. cxb6 Rxb6 24. Qc5 Qb8 25. Qxa5 f5 26. Rac1 Bh6 27. f4 fxe4 28. Rxd7 Rxd7 29. Rc8+ Bf8 30. Rxb8 Rxb8 31. Bxe4 Re8 32. Bd5 Re1+ 33. Kf2 Rd1 34. Bc4 R1d2+ 35. Ke3 R2d6 36. Nb5 Rc6 37. Bb3 Re7+ 38. Kf2 Rd7 39. Qa8 Rc1 40. Ke2 Rb1 41. Bc2 Rc1 42. Qc6 Re7+ 43. Kd2 Rf1 44. Nd4 Rf2+ 45. Kd3 Rxh2 46. b5 Rh3 47. b6 Rxg3+ 48. Kc4 Ree3 49. b7 Rc3+ 50. Kd5 Rxc6 51. Nxc6 Rc3 52. b8=Q Rxc2 53. Ne7+ Kg7 54. Qe5+ f6 55. Qe6 1-0